000 00422nam a2200181Ia 4500
003 GCL
008 140319s9999 xx 000 0 eng d
040 _aGCL /
_cGCL
082 0 4 _aCC
_b050.941
_bV V
100 1 _aVOLENEY
245 1 0 _aVOYAGE EN EGYPTE ET EN SYRIE /
_cVOLENEY
260 _a[S.N] :
_bMOUTON ،
_c1959
300 _a425 P
650 0 4 _aEGYPT
650 0 4 _aTRAVEL
650 0 4 _aSYRIA
942 _2ddc
_cBK
999 _c25055
_d25055